| 000 | 01269nam a2200313 i 4500 | ||
|---|---|---|---|
| 001 | 165856 | ||
| 003 | ES-MaACL | ||
| 005 | 20251017063110.0 | ||
| 008 | 831115s1721 sp p |||| | spa d | ||
| 040 |
_aCAT _bspa _cCAT _dCCPB |
||
| 080 | _a61"17" | ||
| 100 | 1 |
_aSuárez de Ribera, Francisco, _dca. 1686-ca. 1738 _9132975 |
|
| 245 | 1 | 0 |
_aArcanismo anti-galico, o Margarita mercurial / _csu autor el Doctor D. Francisco Suárez de Ribera... |
| 260 |
_aEn Madrid : _ben la Imp. de Juan de Ariztia : _ba costa de Francisco Laso, véndese en su casa, _c1721. |
||
| 300 |
_a[92], 256, [16] p. ; _c4º (22 cm) |
||
| 500 | _aÍndice. | ||
| 510 | 4 | _aPalau 324.066 | |
| 530 | _aDisponible en formato digital. | ||
| 597 | _aSign.: [calderón]-[5 calderones]8, [6 calderones]6, A-R8. | ||
| 597 | _a34 líneas, caja 168 x 97 mm, apostillas y reclamos. | ||
| 597 | _aPort. con orla tip. y viñetas. | ||
| 650 | 0 | 4 |
_aMedicina- _yS.XVIII. _914918 |
| 700 | 1 |
_aAriztia, Juan de. _9125703 |
|
| 700 | 1 |
_aLaso, Francisco. _9128722 |
|
| 752 |
_aEspaña - _dMadrid |
||
| 852 |
_aES-MaACL _jR-1428 _z- Enc. perg. _d-- Olim: G-15506 |
||
| 856 |
_uhttp://bdh-rd.bne.es/viewer.vm?id=0000102253&page=1 _zBiblioteca Digital Hispánica |
||
| 999 |
_c165856 _d165856 |
||